Ο Τσε αυτοκτόνησε
Αποθηκεύτηκε σε:
| Κύριος συγγραφέας: | |
|---|---|
| Μορφή: | Βιβλίο |
| Γλώσσα: | Greek |
| Δημοσίευση: |
Αθήνα :
Γαβριηλίδης,
2003
|
| Θέματα: | |
| Ετικέτες: |
Προσθήκη ετικέτας
Δεν υπάρχουν, Καταχωρήστε ετικέτα πρώτοι!
|
MARC
| LEADER | 00000cam a2200000 i 4500 | ||
|---|---|---|---|
| 001 | 1/50092 | ||
| 008 | 140627s2003 gre d | ||
| 035 | |l 10118101 | ||
| 040 | |a GR-MY-UA |b gre |e aacr | ||
| 041 | 0 | |a gre | |
| 082 | 0 | |a 889.3 |2 (23) | |
| 100 | 1 | |a Μάρκαρης, Πέτρος, |d 1937- | |
| 245 | 1 | 2 | |a Ο Τσε αυτοκτόνησε / |c Πέτρος Μάρκαρης |
| 260 | |a Αθήνα : |b Γαβριηλίδης, |c 2003 | ||
| 300 | |a 443 σ.; |c 21 εκ. | ||
| 650 | 0 | 0 | |a Greek fiction, Modern. |
| 852 | |a INST |b LEMNOS |e 20140627 |h 889.3 ΜΑΡ |p 005600001158 |q 005600001158 |t BK |y 0 | ||
| 901 | |a BIBL6-2014-2 | ||
| 909 | |a Μ |b 161383 | ||
| 922 | |a 6ΕΛΗ | ||
| 970 | |a ΜΟΣΧΟΒΗ |b ΕΥΑΓΓΕΛΙΑ |z 2014/06/27 | ||